书目信息 |
| 题名: |
美纳汉-曼德尔
|
|
| 作者: | 肖洛姆-阿莱汉姆 | |
| 分册: | ||
| 出版信息: | 江西 江西人民出版社 1980 |
|
| 页数: | 204页 | |
| 开本: | 20cm | |
| 丛书名: | ||
| 单 册: | ||
| 中图分类: | I37.4 | |
| 科图分类: | ||
| 主题词: | 文学 | |
| 电子资源: | ||
| ISBN: | ||
| 000 | 00518nam0 2200181 450 | |
| 001 | 0728815141 | |
| 005 | 20070819080015.14 | |
| 010 | @d¥0.50 | |
| 100 | @a20070819d km y0chiy0120 ea | |
| 101 | 0 | @achi |
| 200 | 1 | @a美纳汉-曼德尔@Amei na han-man de er@f肖洛姆-阿莱汉姆@Fxiao luo mu-a lai han mu |
| 210 | @a江西@c江西人民出版社@d1980 | |
| 215 | @a204页@d20cm | |
| 606 | 0 | @a文学 |
| 690 | @aI37.4@v3 | |
| 701 | 0 | @a肖洛姆-阿莱汉姆@Axiao luo mu-a lai han mu |
| 801 | 0 | @aCN@bPFT@c20070819 |
| 905 | @a213230@dI37.4@eZW22@f1 | |
| 美纳汉-曼德尔/肖洛姆-阿莱汉姆.-江西:江西人民出版社,1980 |
| 204页;20cm |
| ISBN :¥0.50 |
| ● |
| 相关链接 |
|
|
|
|
正题名:美纳汉-曼德尔
索取号:I37.4/ZW22
 
预约/预借
| 序号 | 登录号 | 条形码 | 馆藏地/架位号 | 状态 | 备注 |
| 1 | 7602583 | 276025837 | 密集书库-文学院/ [索取号:I37.4/ZW22] | 在馆 |